000 00388 a2200169 4500
001 44450
020 _a8526251406
040 _cAnchieta - Aquarius
100 _aVerne, Júlio
240 1 0 _aVinte mil léguas submarinas
_lpor
245 1 0 _aVinte mil léguas submarinas
300 _a48
362 0 _a2003
440 1 _aScipione
650 4 _aLiteratura infanto-juvenil
942 _cBK
999 _c44450
_d44450